|
|
|
|
| LEADER |
00000ckm a2200000 a 4500 |
| 001 |
vtls011566649 |
| 003 |
SK-MaSNL |
| 005 |
20260512122139.0 |
| 007 |
kp bo |
| 008 |
230706s1912 xo g kuslo |
| 015 |
|
|
|a SNBG1912
|
| 035 |
|
|
|a urn:nbn:sk:snk-km00dzdn
|
| 035 |
|
|
|a urn:nbn:sk:snk-km3lnul
|
| 035 |
|
|
|a 8BCD7F5C-265B-404D-BFEF-F71F7E30840D
|
| 040 |
|
|
|a SNK
|b slo
|c SNK
|e AACR2
|
| 041 |
0 |
|
|a slo
|
| 043 |
|
|
|a e-xo---
|
| 044 |
|
|
|a xo
|c SK
|
| 072 |
|
7 |
|a 908(437)
|x Vlastiveda Česka a Slovenska
|2 konspekt
|
| 080 |
|
|
|a 908(437.6)
|2 2011
|
| 080 |
|
|
|a 551.4.036(234.372.4)
|2 2011
|
| 080 |
|
|
|a 556.53
|2 2011
|
| 080 |
|
|
|a (282.243)
|2 2011
|
| 080 |
|
|
|a 625.711.1/.3
|2 2011
|
| 080 |
|
|
|a 656.21
|2 2011
|
| 080 |
|
|
|a 94(084.121)
|2 2011
|
| 245 |
0 |
0 |
|a Kraľovianska dolina
|h grafika
|b Oravská stol.
|
| 260 |
|
|
|a V Turč. Sv. Martine
|b P. Socháň
|c 1912
|
| 300 |
|
|
|a 1 pohľadnica
|b čiernobiela
|c 9 x 14 cm
|
| 500 |
|
|
|a Názvové údaje prevzaté z obrazovej časti pohľadnice
|
| 520 |
8 |
|
|a Zobrazenie: Pohľad na rieku Oravu. Vpravo pozdĺž nej vedie cesta pre automobily, vpravo od cesty je železničná trať. Vpravo aj vľavo sú vysoké hory
|
| 650 |
0 |
7 |
|a rieky
|2 SNKPH
|9 29644
|
| 650 |
0 |
7 |
|a cesty
|2 SNKPH
|9 25096
|
| 650 |
0 |
7 |
|a železničné trate
|2 SNKPH
|9 4210
|
| 651 |
|
7 |
|a Kraľovianska dolina (Slovensko)
|2 SNKPHgeo
|9 57557
|
| 651 |
|
7 |
|a Orava (Slovensko : región)
|2 SNKPHgeo
|9 116635
|
| 651 |
|
7 |
|a Orava (Slovensko : rieka)
|2 SNKPHgeo
|9 70927
|
| 655 |
|
7 |
|a geografické pohľadnice
|2 SNKPH
|9 70522
|
| 655 |
|
7 |
|a historické pohľadnice
|2 SNKPH
|9 159703
|
| 752 |
|
|
|a Slovensko
|d Martin
|
| 852 |
|
|
|a Slovenská národná knižnica
|
| 958 |
|
|
|a GBN
|
| 958 |
|
|
|a ONDV
|
| 958 |
|
|
|a GC
|
| 999 |
|
|
|c 588049
|d 589979
|
| 952 |
|
|
|a SNK
|b SNK
|y PREZ
|7 0
|p 17A1195558
|o snkSP 15719
|0 0
|1 0
|4 0
|d 2016-07-13
|f 1
|l 0
|r 2026-02-23 15:15:13
|w 2026-02-23
|